00565nam a2200193Ia 4500008004100000020001800041050001400059100001700073245001500090245002000105260001500125260003000140260000900170300002100179300003500200300001000235999001900245952010700264170918s9999 xx 000 0 und d a9780345525192 bR539 2010 aRickman, Amy aGleeful! / cby Amy Rickman. aNew York : bVillard Trade Paperbacks, c2010 axiv, 217 pages : billustrations (some colored) ; c20cm. c344264d344264 001040aSSISMbSSISMd2017-09-18l0oGS FIC R539 2010pSSISM3336r2017-09-18 00:00:00w2017-09-18yBK